UNIX Shell Programming (Record no. 11488)
[ view plain ]
| 000 -LEADER | |
|---|---|
| fixed length control field | 00369nam a22001577a 4500 |
| 003 - CONTROL NUMBER IDENTIFIER | |
| control field | OSt |
| 008 - FIXED-LENGTH DATA ELEMENTS--GENERAL INFORMATION | |
| fixed length control field | 220826b ||||| |||| 00| 0 eng d |
| 020 ## - INTERNATIONAL STANDARD BOOK NUMBER | |
| International Standard Book Number | 005.43 KAU |
| 082 ## - DEWEY DECIMAL CLASSIFICATION NUMBER | |
| Classification number | 005.43 KAU |
| 100 ## - MAIN ENTRY--PERSONAL NAME | |
| Personal name | KANETKAR, Yashavant |
| 245 ## - TITLE STATEMENT | |
| Title | UNIX Shell Programming |
| 250 ## - EDITION STATEMENT | |
| Edition statement | Rep |
| 260 ## - PUBLICATION, DISTRIBUTION, ETC. (IMPRINT) | |
| Place of publication, distribution, etc | New Delhi |
| Name of publisher, distributor, etc | BPB Publication |
| Date of publication, distribution, etc | 2020 |
| 300 ## - PHYSICAL DESCRIPTION | |
| Extent | 443 |
| 942 ## - ADDED ENTRY ELEMENTS (KOHA) | |
| Source of classification or shelving scheme | Dewey Decimal Classification |
| Koha item type | Text Books |
| 942 ## - ADDED ENTRY ELEMENTS (KOHA) | |
| -- | 3 |
| Withdrawn status | Lost status | Source of classification or shelving scheme | Damaged status | Not for loan | Collection code | Home library | Current library | Date acquired | Source of acquisition | Currency | Cost, normal purchase price | Bill Number | Total Checkouts | Full call number | Acc. no. / Barcode | Date last seen | Actual Cost, discounted price | Bill Date | Koha item type | Date last borrowed |
|---|---|---|---|---|---|---|---|---|---|---|---|---|---|---|---|---|---|---|---|---|
| Dewey Decimal Classification | Computer Science & Engineering in Cyber Security | PIET C-LIBRARY | PIET C-LIBRARY | 26/08/2022 | Kirthi Prakashan | Indian Rup | 540.00 | IN810 | 005.43 KAU | 33836 | 26/08/2022 | 378.00 | 24/08/2022 | Text Books | ||||||
| Dewey Decimal Classification | Computer Science & Engineering in Cyber Security | PIET C-LIBRARY | PIET C-LIBRARY | 26/08/2022 | Kirthi Prakashan | Indian Rup | 540.00 | IN810 | 2 | 005.43 KAU | 33837 | 04/04/2023 | 378.00 | 24/08/2022 | Text Books | 27/03/2023 | ||||
| Dewey Decimal Classification | Computer Science and Engineering in AI & Machine Learning | PIET C-LIBRARY | PIET C-LIBRARY | 26/08/2022 | Kirthi Prakashan | Indian Rup | 540.00 | IN810 | 005.43 KAU | 33838 | 26/08/2022 | 378.00 | 24/08/2022 | Text Books | ||||||
| Dewey Decimal Classification | Computer Science and Engineering in AI & Machine Learning | PIET C-LIBRARY | PIET C-LIBRARY | 26/08/2022 | Kirthi Prakashan | Indian Rup | 540.00 | IN810 | 1 | 005.43 KAU | 33839 | 01/08/2023 | 378.00 | 24/08/2022 | Text Books | 27/02/2023 | ||||
| Dewey Decimal Classification | Computer Science and Engineering in AI & Machine Learning | PIET C-LIBRARY | PIET C-LIBRARY | 26/08/2022 | Kirthi Prakashan | Indian Rup | 540.00 | IN810 | 1 | 005.43 KAU | 33840 | 24/04/2023 | 378.00 | 24/08/2022 | Text Books | 10/04/2023 | ||||
| Dewey Decimal Classification | Computer Science and Engineering in AI & Machine Learning | PIET C-LIBRARY | PIET C-LIBRARY | 26/08/2022 | Kirthi Prakashan | Indian Rup | 540.00 | IN810 | 005.43 KAU | 33841 | 26/08/2022 | 378.00 | 24/08/2022 | Text Books | ||||||
| Dewey Decimal Classification | Computer Science and Engineering in AI & Machine Learning | PIET C-LIBRARY | PIET C-LIBRARY | 26/08/2022 | Kirthi Prakashan | Indian Rup | 540.00 | IN810 | 005.43 KAU | 33842 | 26/08/2022 | 378.00 | 24/08/2022 | Text Books | ||||||
| Dewey Decimal Classification | Computer Science and Engineering in AI & Machine Learning | PIET C-LIBRARY | PIET C-LIBRARY | 26/08/2022 | Kirthi Prakashan | Indian Rup | 540.00 | IN810 | 2 | 005.43 KAU | 33843 | 23/03/2023 | 378.00 | 24/08/2022 | Text Books | 23/03/2023 | ||||
| Dewey Decimal Classification | Computer Science and Engineering in AI & Machine Learning | PIET C-LIBRARY | PIET C-LIBRARY | 26/08/2022 | Kirthi Prakashan | Indian Rup | 540.00 | IN810 | 005.43 KAU | 33844 | 26/08/2022 | 378.00 | 24/08/2022 | Text Books | ||||||
| Dewey Decimal Classification | Computer Science and Engineering in AI & Machine Learning | PIET C-LIBRARY | PIET C-LIBRARY | 26/08/2022 | Kirthi Prakashan | Indian Rup | 540.00 | IN810 | 005.43 KAU | 33845 | 26/08/2022 | 378.00 | 24/08/2022 | Text Books |